The Civil War and Reconstruction (Record no. 2071)

000 -LEADER
fixed length control field 00477cam a2200133 4500
008 - FIXED-LENGTH DATA ELEMENTS--GENERAL INFORMATION
fixed length control field 691210s1969 mauabc b 001 0 eng
082 00 -
Classification number 973.7
100 1# - MAIN ENTRY--AUTHOR'S NAME
Author's Name Randall, J. G.
Fuller form of name (James Garfield),
Dates associated with a name 1881-1953.
245 14 - TITLE STATEMENT
Title The Civil War and Reconstruction
Statement of responsibility, etc. [by] J. G. Randall [and] David Donald.
250 ## - EDITION STATEMENT
Edition statement 2d ed., rev. with enl. bibliography.
260 ## - PUBLICATION, DISTRIBUTION, ETC. (IMPRINT)
Place of publication, distribution, etc. Lexington, Mass.,
Name of publisher, distributor, etc. Heath
Date of publication, distribution, etc. [1969]
650 #0 - TOPICAL TERM (Tag)
Topical term or geographic name Reconstruction (U.S. history, 1865-1877)
700 1# - SECONDARY AUTHOR, EDITOR OR ILLUSTRATOR
Personal Name Donald, David Herbert,
Holdings
Withdrawn status Lost status Source of classification or shelving scheme Damaged status Koha normalized classification for sorting Not for loan Permanent Location Current Location Shelving location Date acquired Total Checkouts Full call number Barcode Date last seen Price effective from Koha item type
        G3700 Z999 R188   Northern Philatelic Library Northern Philatelic Library General Stacks 10/22/2016   G3700 Z999 R188 1002409 10/22/2016 10/22/2016 Books

Powered by Koha